Le tissu néogothique en Anjou (notice n° 1605922)

détails MARC
000 -LEADER
fixed length control field 01872cam a2200169 4500500
005 - DATE AND TIME OF LATEST TRANSACTION
control field 20251228095228.0
041 ## - LANGUAGE CODE
Language code of text/sound track or separate title fre
042 ## - AUTHENTICATION CODE
Authentication code dc
100 10 - MAIN ENTRY--PERSONAL NAME
Personal name Leicher, Anna
Relator term author
245 00 - TITLE STATEMENT
Title Le tissu néogothique en Anjou
260 ## - PUBLICATION, DISTRIBUTION, ETC.
Date of publication, distribution, etc. 2005.<br/>
500 ## - GENERAL NOTE
General note 84
520 ## - SUMMARY, ETC.
Summary, etc. RésuméLes tissus néogothiques apparus vers 1835, connaîtront une durée d’utilisation assez courte dans l’usage civil et au contraire très longue pour les usages liturgiques qui ne s’éteindront que dans le quatrième quart du xxe siècle. Les siècles de références s’étendent du xiie au xvie siècles mais au xixe siècle il faut surtout opposer les exploitations industrielles aux recherches archéologiques de Bock, Von Falke et Didron. L’angevin Louis de Farcy (1846-1921) participe à ce mouvement ; ses publications permettent de savoir le degré de connaissance des textiles au xixe siècle et lui-même commandera des tissus néogothiques pour la cathédrale d’Angers.
520 ## - SUMMARY, ETC.
Summary, etc. Neogothic fabrics appeared around 1835, and if their popularity was rather short-lived in civilian terms, it lasted quite a long time in liturgical usage, only fading in the last quarter of the 20 th century. The centuries of reference cover the 12 th throughout the 16 th century, but during the 19 th century, one can mainly oppose their industrial exploitations to Bock, Von Falke and Didron’s archaeological research. Louis de Farcy (1846-1921), a native from Anjou, participated in this movement ; his published works inform us about the degree of knowledge on material in the 19th century ; he also ordered neogothic material for the cathedral of Angers.
786 0# - DATA SOURCE ENTRY
Note Sociétés & Représentations | 20 | 2 | 2005-09-01 | p. 153-160 | 1262-2966
856 41 - ELECTRONIC LOCATION AND ACCESS
Uniform Resource Identifier <a href="https://shs.cairn.info/revue-societes-et-representations-2005-2-page-153?lang=fr&redirect-ssocas=7080">https://shs.cairn.info/revue-societes-et-representations-2005-2-page-153?lang=fr&redirect-ssocas=7080</a>

Pas d'exemplaire disponible.

PLUDOC

PLUDOC est la plateforme unique et centralisée de gestion des bibliothèques physiques et numériques de Guinée administré par le CEDUST. Elle est la plus grande base de données de ressources documentaires pour les Étudiants, Enseignants chercheurs et Chercheurs de Guinée.

Adresse

627 919 101/664 919 101

25 boulevard du commerce
Kaloum, Conakry, Guinée

Réseaux sociaux

Powered by Netsen Group @ 2025